Devinez la Capitale Mystère #113 - Statistiques

Statistiques générales
  • Ce quiz a été pris 104 fois
  • Le résultat moyen est 30 sur 35
Statistiques - réponses
Type de Réponse Réponse % Correct
Lettre Trouvée A
100%
Lettre Trouvée E
100%
Lettre Trouvée I
100%
Lettre de l'Alphabet S
100%
Lettre de l'Alphabet B
99%
Lettre de l'Alphabet N
99%
Lettre Trouvée O
99%
Lettre Trouvée R
99%
Lettre de l'Alphabet D
98%
Lettre de l'Alphabet L
98%
Lettre de l'Alphabet M
98%
Lettre Trouvée P
95%
Lettre de l'Alphabet G
94%
Lettre Bien Placée P
93%
Lettre Trouvée T
93%
Lettre de l'Alphabet U
91%
Lettre de l'Alphabet C
90%
Lettre Bien Placée O
89%
Lettre de l'Alphabet H
85%
Lettre de l'Alphabet K
85%
Lettre de l'Alphabet V
84%
Lettre de l'Alphabet W
84%
Lettre de l'Alphabet X
79%
Lettre Bien Placée A
78%
Lettre Bien Placée E
78%
Lettre Bien Placée R
78%
Lettre Bien Placée R
77%
Lettre Bien Placée T
77%
Lettre de l'Alphabet Y
77%
Lettre Bien Placée I
75%
Lettre de l'Alphabet Z
75%
Lettre de l'Alphabet J
74%
Lettre de l'Alphabet F
70%
Capitale Mystère Pretoria
68%
Lettre de l'Alphabet Q
68%
Aucun quiz correspondant
Distribution des résultats
% des personnes avec chaque résultat
Percentile par nombre de réponses
Votre historique - résultats
Vous n’avez pas pris ce quiz